000 00939nam a22002297 4500
999 _c1198
_d1198
003 AR-BaISA
005 20221123161938.0
007 ta
008 221109s1986 ag |||| |||| 001 0 spa d
020 _a9789505185979
040 _bspa
_cAR-BaISA
082 0 4 _222
_a150.195 2 F895o
100 1 _91149
_aFreud, Sigmund
245 1 0 _aObras completas:
_bvolumen 21 (1927-31): El porvenir de una ilusión; el malestar de la cultura; y otras obras /
_cSigmund Freud
260 _aBuenos Aires:
_bAmorrortu,
_c1986
300 _aXV, 290 p.
504 _aBibliografía p.: 261-275.
504 _aÍndice analítico p.: 277-290.
505 _tEl porvenir de una ilusión --
_tEl malestar en la cultura --
_tFetichismo --
_tEl humor --
_tUna vivencia religiosa --
_tDostoievski y el parricidio --
_tPremios Goethe --
_tTipos libidinales --
_tSobre la sexualidad femenina --
_tEscritos breves
650 1 0 _9141
_aPsicoanálisis
942 _2ddc
_cLI
_e22